Statistics for Countries with the Most Hokkien Speakers

Click here to take the quiz!

General Stats

  • This quiz has been taken 48 times
  • The average score is 9 of 10

Answer Stats

PlaceStatusSpeakersAnswer% Correct
1.23 056 000China
100%
2.Official16 317 000Taiwan
98%
6.1 000 000Indonesia
95%
3.1 966 000Malaysia
95%
7.77 675U.S.A.
93%
10.57 600Vietnam
90%
8.75 000Japan
88%
4.1 663 622Singapore
86%
5.1 039 500Philippines
83%
9.73 000Myanmar
76%

Score Distribution

Percentile by Number Answered

Percent of People with Each Score

Your Score History

You have not taken this quiz